Children's clothes and toys (Record no. 38687)

MARC details
000 -LEADER
fixed length control field 00269nam a2200109Ia 4500
082 ## - DEWEY DECIMAL CLASSIFICATION NUMBER
Classification number 687.13
Item number HAL
245 #0 - TITLE STATEMENT
Title Children's clothes and toys
260 ## - PUBLICATION, DISTRIBUTION, ETC. (IMPRINT)
Place of publication California
Name of publisher Lane
Year of publication 1983
700 ## - ADDED ENTRY--PERSONAL NAME
Personal name Hallowell, A R
942 ## - ADDED ENTRY ELEMENTS (KOHA)
Koha item type Books
Holdings
Withdrawn status Lost status Damaged status Not for loan Home library Current library Date acquired Cost, normal purchase price Full call number Accession Number Koha item type
        RRII Library RRII Library 16/12/2021 65.35 687.13 HAL 19040 Books